000 01394nam a2200325 i 4500
003 EG-GICUC
005 20260121101331.0
008 251122s ua ||||fr|||| 00| 0 ara d
017 _a١٩٨٤/٤١٣١
040 _a EG-GICUC
_bara
_c EG-GICUC
_d EG-GICUC
_erda
041 0 _aara
082 0 4 _221
_a345.256
_bخ ا . ت
092 0 4 _221
099 _aLaw1 07 345.256 خ ا . ت 1984
100 0 _aخالد سماه الزعبي
_eمؤلف.
245 1 0 _aتشكيل المجالس المحلية وأثره على كفايتها :
_bدراسة مقارنة المملكة المتحدة - فرنسا - يوغوسلافيا - مصر - الأردن /
_cدکتور خالد سماه الزعبي.
264 1 _aالإسكندرية :
_bمنشأة المعارف،
_c1984.
300 _a509 ؛صفحة
_c24 سم.
336 _2rda content
_atext
337 _2rda media
_aComputer
338 _2rda carrier
_aOnline Resource
504 _a. 496-437ببليوجرافيا: صفحات
504 _aيشتمل على إرجاعات ببليوجرافية.
546 _aالنص أغلبه باللغة العربية مع بعض النصوص الإنجليزية
650 1 4 _aالمجالس الشعبية المحلية
650 1 4 _aالقانون الإداري
856 4 0 _uhttps://fll.law.cu.edu.eg/fulltext/bks/B07-00876.pdf
905 _a32
_eYara
942 _2ddc
_cBK
_e21
_n0
999 _c45299
_d45299